000 01261nam a2200337 a 4500
001 000114956
003 CHAP
005 20220329144505.0
008 180817s2018 mx a sm |||||||spa d
010 _a111417
011 _a112389
040 _cCHAP
090 _aTesis
100 1 _aIxmatlahua Coxcahua, Clara.
_9135780
245 1 0 _aValoración de los servicios hidrológicos generados por cuatro sistemas de conservación de suelos forestales /
_h[En línea]
_cpor Clara Ixmatlahua Coxcahua.
260 _aChapingo, Méx. :
_bEl autor,
_c2018.
500 _aPara ver el contenido del material haga clic en la liga
502 _aTesis (Ing. Forestal) -- UACH. División de Ciencias Forestales
590 _aBATCH-UPD
_b05
_c20190528
_lUCH01
_h1155
590 _aE11695DGD
_b05
_c20190528
_lUCH01
_h1154
590 _aE8697GMM
_b05
_c20180817
_lUCH01
_h1424
590 _aE8697GMM
_b05
_c20180817
_lUCH01
_h1429
650 1 4 _aAgricultura
_xInnovaciones tecnológicas.
_91565
650 1 4 _aErosión
_xPrevención y control.
_937337
650 1 4 _aParcelas experimentales.
_985485
650 1 4 _aSuelos
_xConservación.
_9110283
856 _aFinding aid
_uhttp://10.13.5.2/tesis/sist114956.pdf
_zTeclea aquí
901 _aBK
942 _cTESIS
942 _n0
999 _c111417
_d111417